[Event "1st FIDE OWCCCC Pools-East 2021"]
[Site "Online"]
[Date "2021.02.20"]
[Round "4.10"]
[White "Dimovski, Nikola"]
[Black "rookie"]
[Result "1-0"]
[WhiteElo "2405"]
[BlackElo "1828"]
[Annotator "RC"]
[PlyCount "141"]
[EventDate "2021.02.19"]
[EventType "team-tourn"]
[EventCountry "NET"]
[SourceTitle "playchess.com"]
[Source "ChessBase"]
[SourceQuality "1"]

1. c4 c6 2. b3 d5 3. Bb2 Nf6 4. e3 Bf5 5. Nf3 Nbd7 6. d4 e6 7. Nbd2 Be7 8. Be2 O-O 9. O-O Rc8 10. Nh4 Re8 11. Nxf5 exf5 12. Re1 Bf8 13. c5 g6 14. Nf1 Bg7 15. b4 Ne4 16. f3 Nef6 17. Bd3 Qc7 18. Qc2 a6 19. Bc3 Nf8 20. g3 Rcd8 21. a4 Ra8 22. b5 axb5 23. axb5 b6 24. bxc6 bxc5 25. dxc5 Qxc6 26. Rxa8 Rxa8 27. Bd4 N8d7 28. Nd2 Ne8 29. Rb1 Nc7 30. Nb3 Ne5 31. Be2 Nd7 32. Rc1 Ne5 33. Kf2 Nd7 34. Bxg7 Kxg7 35. Nd4 Qa4 36. Qc3 Kg8 37. c6 Nb6 38. Rb1 Nc4 39. Rb7 Rc8 40. Rb4 Qa7 41. Bxc4 dxc4 42. Qxc4 Qa3 43. Rb7 Qd6 44. Qb4 Qxb4 45. Rxb4 Kf8 46. Ke2 Ke7 47. Kd3 Kd6 48. Kc4 Nd5 49. Rb3 Ne7 50. Rb6 Nxc6 51. Kb5 Rb8 52. Nxc6 Rxb6+ 53. Kxb6 Kd5 54. Kb5 f6 55. Nb4+ Kd6 56. Kc4 h5 57. Kd4 h4 58. gxh4 f4 59. e4 g5 60. hxg5 fxg5 61. h3 Ke6 62. e5 g4 63. hxg4 Ke7 64. Kd5 Kd7 65. e6+ Ke7 66. Ke5 Ke8 67. g5 Kd8 68. g6 Ke7 69. g7 Ke8 70. g8=Q+ Ke7 71. Nd5# 1-0

[Event "1st FIDE OWCCCC Pools-East 2021"]
[Site "Online"]
[Date "2021.02.20"]
[Round "4.10"]
[White "Tuvshinbaatar, Dondovdorj"]
[Black "Zawadzka, Jolanta"]
[Result "0-1"]
[WhiteElo "2180"]
[BlackElo "2399"]
[Annotator "TA"]
[PlyCount "82"]
[EventDate "2021.02.19"]
[EventType "team-tourn"]
[EventCountry "NET"]
[SourceTitle "playchess.com"]
[Source "ChessBase"]
[SourceQuality "1"]

1. e4 c5 2. Nf3 d6 3. Bc4 Nf6 4. d3 Nc6 5. Nc3 Bg4 6. h3 Bxf3 7. Qxf3 Nd4 8. Qd1 e6 9. Bg5 Be7 10. Bxf6 Bxf6 11. O-O O-O 12. a4 Nc6 13. Rb1 Qd7 14. f4 Na5 15. Bb3 Bxc3 16. bxc3 Rac8 17. Qe2 d5 18. c4 dxe4 19. Qxe4 Rcd8 20. Rf3 b6 21. Rbf1 Rfe8 22. R1f2 g6 23. h4 h5 24. Qe2 Qe7 25. g3 Qf6 26. Qe1 Qf5 27. Qe2 Nc6 28. c3 Qf6 29. Qe1 Ne7 30. Bc2 Nf5 31. Re2 Rd6 32. Re5 Red8 33. Kf2 Nh6 34. Kg2 Ng4 35. Re2 R6d7 36. Re4 Re8 37. Re2 Qd8 38. Re4 Qa8 39. Re2 Nh2 40. Re4 Nxf3 41. Kxf3 f5 0-1

[Event "1st FIDE OWCCCC Pools-East 2021"]
[Site "Online"]
[Date "2021.02.20"]
[Round "4.10"]
[White "Nezamyatin, Ruslan"]
[Black "Blodig, Constantin"]
[Result "1-0"]
[WhiteElo "2070"]
[BlackElo "2105"]
[Annotator "NA"]
[PlyCount "81"]
[EventDate "2021.02.19"]
[EventType "team-tourn"]
[EventCountry "NET"]
[SourceTitle "playchess.com"]
[Source "ChessBase"]
[SourceQuality "1"]

1. d4 e6 2. Nf3 f5 3. c4 Nf6 4. g3 Bb4+ 5. Bd2 Qe7 6. Bg2 O-O 7. O-O Nc6 8. Bf4 Bd6 9. Be3 b6 10. Qc1 Qe8 11. Nc3 Ba6 12. Na4 Qh5 13. h3 Rae8 14. c5 Bxe2 15. cxd6 Bxf3 16. dxc7 Nd5 17. Bf4 Nxd4 18. Re1 Bxg2 19. Kxg2 Qf3+ 20. Kg1 Rc8 21. Bd6 Rf6 22. Qd1 f4 23. Qxd4 fxg3 24. Bxg3 Rg6 25. Qe4 Qf6 26. Qe5 Qf7 27. Rac1 Qf3 28. Qe4 Qf6 29. Kg2 h5 30. Qf3 Qe7 31. Kh2 h4 32. Be5 Nxc7 33. Bxc7 Rf8 34. Qe3 Qf6 35. Rg1 Qxf2+ 36. Qxf2 Rxf2+ 37. Kh1 Rgf6 38. Be5 R6f3 39. Rxg7+ Kh8 40. Kg1 Re2 41. Rc8+ 1-0

[Event "1st FIDE OWCCCC Pools-East 2021"]
[Site "Online"]
[Date "2021.02.20"]
[Round "4.11"]
[White "Miroslaw, Michal"]
[Black "Amgalan, Ganbaatar"]
[Result "1-0"]
[WhiteElo "2269"]
[BlackElo "1949"]
[Annotator "TA"]
[PlyCount "69"]
[EventDate "2021.02.19"]
[EventType "team-tourn"]
[EventCountry "NET"]
[SourceTitle "playchess.com"]
[Source "ChessBase"]
[SourceQuality "1"]

1. e4 d6 2. d4 Nd7 3. Nf3 Ngf6 4. e5 Ng8 5. Bc4 e6 6. O-O d5 7. Bd3 g6 8. c4 c6 9. cxd5 cxd5 10. Nc3 a6 11. Bg5 Be7 12. Bxe7 Nxe7 13. b4 O-O 14. Qd2 Kg7 15. Rac1 b5 16. a4 bxa4 17. Nxa4 Rb8 18. Nc5 Qb6 19. Rb1 Nc6 20. b5 axb5 21. Rxb5 Qc7 22. Rxb8 Qxb8 23. Nxd7 Bxd7 24. Qf4 Qd8 25. h4 f6 26. exf6+ Qxf6 27. Qd6 Rf7 28. Bb5 Qe7 29. Qg3 Nb4 30. Bxd7 Qxd7 31. Ne5 Qe7 32. Nxf7 Qxf7 33. Qe5+ Qf6 34. Qc7+ Qf7 35. Qc3 1-0

[Event "1st FIDE OWCCCC Pools-East 2021"]
[Site "Online"]
[Date "2021.02.20"]
[Round "4.11"]
[White "Stangl, Anita"]
[Black "Konstantinov, Vasiliy"]
[Result "0-1"]
[WhiteElo "2005"]
[BlackElo "2196"]
[Annotator "TA"]
[PlyCount "106"]
[EventDate "2021.02.19"]
[EventType "team-tourn"]
[EventCountry "NET"]
[SourceTitle "playchess.com"]
[Source "ChessBase"]
[SourceQuality "1"]

1. e4 e6 2. Nf3 d5 3. Nc3 dxe4 4. Nxe4 Nd7 5. d4 Ngf6 6. Nxf6+ Nxf6 7. Bd3 Be7 8. O-O O-O 9. Re1 b6 10. c3 Bb7 11. Bf4 c5 12. Be5 Rc8 13. Qe2 cxd4 14. Bxd4 Qd5 15. c4 Qh5 16. Ne5 Qxe2 17. Bxe2 Rfd8 18. Bc3 Ne4 19. Bf3 Nc5 20. Rad1 Bxf3 21. Nxf3 Na4 22. Rxd8+ Bxd8 23. Re4 Nxc3 24. bxc3 Bf6 25. Kf1 Bxc3 26. Ke2 Bf6 27. Nd2 Kf8 28. f4 g6 29. g4 Bc3 30. Nf3 Rc5 31. Kd3 Bf6 32. g5 Bg7 33. h4 Ra5 34. Re2 Ra3+ 35. Ke4 Rc3 36. Ne5 Bxe5 37. Kxe5 Ke7 38. h5 Rxc4 39. hxg6 hxg6 40. Rd2 b5 41. Rb2 b4 42. Rb3 a5 43. a3 Rc3 44. Rb2 Rxa3 45. Rc2 Rc3 46. Ra2 Rc5+ 47. Ke4 Kd6 48. Rd2+ Rd5 49. Ra2 b3 50. Ra3 Rb5 51. Ra1 b2 52. Rb1 a4 53. Kd4 a3 0-1

[Event "1st FIDE OWCCCC Pools-East 2021"]
[Site "Online"]
[Date "2021.02.20"]
[Round "4.11"]
[White "Ps, Sachin"]
[Black "Stojkovska, Monika"]
[Result "1-0"]
[WhiteElo "1482"]
[BlackElo "2106"]
[Annotator "TA"]
[PlyCount "75"]
[EventDate "2021.02.19"]
[EventType "team-tourn"]
[EventCountry "NET"]
[SourceTitle "playchess.com"]
[Source "ChessBase"]
[SourceQuality "1"]

1. e4 c5 2. b3 Nc6 3. Bb2 e6 4. Bb5 a6 5. Bxc6 dxc6 6. d3 Nf6 7. f4 Be7 8. Nf3 b5 9. Nbd2 Qc7 10. O-O Qxf4 11. Ne5 Qe3+ 12. Kh1 h5 13. Ndf3 Ng4 14. Nxg4 hxg4 15. Bc1 gxf3 16. Bxe3 fxg2+ 17. Kxg2 Bd6 18. Bf4 e5 19. Bg3 Bh3+ 20. Kg1 Bxf1 21. Qxf1 Rh6 22. a4 b4 23. Qf5 Rf6 24. Qh3 Rh6 25. Qg2 O-O-O 26. Rf1 f6 27. Qf3 Kc7 28. Qf5 Re8 29. Qg4 g5 30. Rf5 a5 31. Qf3 Be7 32. Qg2 Reh8 33. Rf1 Rh3 34. Qf2 Kd6 35. Qf5 R3h6 36. Rd1 R8h7 37. d4 cxd4 38. Rxd4+ 1-0

[Event "1st FIDE OWCCCC Pools-East 2021"]
[Site "Online"]
[Date "2021.02.20"]
[Round "4.12"]
[White "Gan-Od, Sereenen"]
[Black "tomsun"]
[Result "1-0"]
[WhiteElo "2320"]
[BlackElo "1857"]
[Annotator "TA"]
[PlyCount "69"]
[EventDate "2021.02.19"]
[EventType "team-tourn"]
[EventCountry "NET"]
[SourceTitle "playchess.com"]
[Source "ChessBase"]
[SourceQuality "1"]

1. c4 Nf6 2. Nf3 g6 3. g3 c6 4. Bg2 Bg7 5. O-O O-O 6. Nc3 d6 7. Rb1 a5 8. a3 Na6 9. b4 axb4 10. axb4 Bf5 11. d3 Bd7 12. b5 Nc5 13. Be3 Ng4 14. Bxc5 Bxc3 15. bxc6 Bxc6 16. Bb6 Qd7 17. Bh3 f5 18. Nd4 e5 19. Nb5 Bxb5 20. Rxb5 Qe7 21. Qb3 Ba1 22. c5+ Kh8 23. cxd6 Qxd6 24. Bc5 Qc6 25. Bxf8 Rxf8 26. Rxa1 Nf6 27. Bg2 e4 28. Rb6 Qe8 29. dxe4 fxe4 30. Qb2 Qe7 31. Rxb7 Qe6 32. Rb8 Kg8 33. Rxf8+ Kxf8 34. Bh3 Qd6 35. Qa3 1-0

[Event "1st FIDE OWCCCC Pools-East 2021"]
[Site "Online"]
[Date "2021.02.20"]
[Round "4.12"]
[White "Sofrevska-Andonova, Lidija"]
[Black "Saarja, Sreeram"]
[Result "0-1"]
[WhiteElo "2115"]
[BlackElo "1905"]
[Annotator "TA"]
[PlyCount "86"]
[EventDate "2021.02.19"]
[EventType "team-tourn"]
[EventCountry "NET"]
[SourceTitle "playchess.com"]
[Source "ChessBase"]
[SourceQuality "1"]

1. e4 c5 2. Nf3 d6 3. c3 Nf6 4. h3 Nbd7 5. Bd3 b6 6. Bc2 Bb7 7. d3 g6 8. O-O Bg7 9. Re1 O-O 10. Nbd2 Qc7 11. d4 cxd4 12. cxd4 Rfc8 13. Bb3 e6 14. Qe2 a5 15. a4 h6 16. e5 dxe5 17. dxe5 Ba6 18. Qe3 Ne8 19. Ne4 Nxe5 20. Nxe5 Qxe5 21. Bd2 Qxb2 22. Rab1 Qe5 23. Qxb6 Bd3 24. Nd6 Qxd6 25. Qxd6 Nxd6 26. Rbd1 Bc2 27. Bxc2 Rxc2 28. Bxh6 Bxh6 29. Rxd6 Rc4 30. Rd7 Rxa4 31. Rb1 Rb4 32. Rbd1 Rc4 33. Rb1 Rc1+ 34. Rxc1 Bxc1 35. Rc7 Bd2 36. Kf1 a4 37. Ke2 a3 38. Kxd2 a2 39. Rb7 a1=Q 40. h4 Ra2+ 41. Ke3 Qe5+ 42. Kf3 Ra3+ 43. Kg4 Qf5# 0-1

[Event "1st FIDE OWCCCC Pools-East 2021"]
[Site "Online"]
[Date "2021.02.20"]
[Round "4.12"]
[White "Vishnyakova, Svetlana"]
[Black "Spruenken, Dirk"]
[Result "0-1"]
[WhiteElo "1959"]
[BlackElo "1941"]
[Annotator "NA"]
[PlyCount "62"]
[EventDate "2021.02.19"]
[EventType "team-tourn"]
[EventCountry "NET"]
[SourceTitle "playchess.com"]
[Source "ChessBase"]
[SourceQuality "1"]

1. e4 c6 2. d4 d5 3. exd5 cxd5 4. Bd3 Nc6 5. c3 Qc7 6. h3 Nf6 7. Nf3 Bd7 8. O-O e6 9. Re1 Be7 10. Bg5 h6 11. Bh4 O-O-O 12. Bg3 Bd6 13. Ne5 Rhf8 14. Nd2 g6 15. Ndf3 Nh5 16. Bh2 f5 17. Nxg6 Rg8 18. Nfe5 Nf6 19. Nh4 Ne4 20. Nhf3 Rg7 21. Nxd7 Qxd7 22. Bxd6 Qxd6 23. Re2 Rdg8 24. Ne1 e5 25. dxe5 Nxe5 26. Bxe4 fxe4 27. Rxe4 Qf6 28. Re3 Rf8 29. Nf3 Nxf3+ 30. Rxf3 Qxf3 31. Qxf3 Rxf3 0-1

[Event "1st FIDE OWCCCC Pools-East 2021"]
[Site "Online"]
[Date "2021.02.20"]
[Round "4.13"]
[White "Unuk, Laura"]
[Black "Kachkachishvili, Lasha"]
[Result "1-0"]
[WhiteElo "2389"]
[BlackElo "1681"]
[Annotator "TA"]
[PlyCount "207"]
[EventDate "2021.02.19"]
[EventType "team-tourn"]
[EventCountry "NET"]
[SourceTitle "playchess.com"]
[Source "ChessBase"]
[SourceQuality "1"]

1. d4 Nf6 2. c4 e6 3. Nf3 b6 4. g3 Bb7 5. Bg2 g6 6. O-O Bg7 7. Bf4 O-O 8. Qc1 Ne4 9. Ng5 f5 10. Qe3 Nc6 11. Nxe4 Bxd4 12. Qd2 fxe4 13. Bxe4 Bg7 14. Nc3 Qc8 15. Rad1 Nd4 16. h4 Bxe4 17. Nxe4 d5 18. Ng5 Rxf4 19. gxf4 e5 20. Qe3 Qg4+ 21. Kh2 Qxh4+ 22. Nh3 exf4 23. Qxf4 Qe7 24. Kh1 Nxe2 25. Qf3 Rf8 26. Qxd5+ Kh8 27. Rd3 Qh4 28. Re3 Nf4 29. Qg5 Qxg5 30. Nxg5 Bxb2 31. Rd1 h6 32. Ne6 Nxe6 33. Rxe6 Rxf2 34. Rxg6 Kh7 35. Rg4 Rf7 36. Rd5 c5 37. Kg2 Bd4 38. Rd6 h5 39. Rg5 Rf2+ 40. Kh3 Rxa2 41. Rxh5+ Kg7 42. Rg5+ Kf7 43. Rf5+ Ke7 44. Rh6 Ra1 45. Rfh5 Bg7 46. Rh7 Kf6 47. Kg4 Rg1+ 48. Kf3 Kg6 49. Rh2 Rc1 50. R7h3 Be5 51. Rg2+ Kf6 52. Rh4 Rc3+ 53. Kf2 Rc2+ 54. Kg1 Rc1+ 55. Kf2 Bd4+ 56. Kf3 Rxc4 57. Rh7 Rc3+ 58. Ke4 Re3+ 59. Kd5 Re5+ 60. Kc4 a6 61. Rh6+ Kf7 62. Rxb6 a5 63. Ra6 Re1 64. Rxa5 Ke6 65. Ra6+ Kf5 66. Rg8 Re5 67. Rf8+ Ke4 68. Ra2 Ke3 69. Rff2 Ke4 70. Rae2+ Be3 71. Rf1 Re8 72. Rfe1 Kf3 73. Ra2 Re4+ 74. Kd5 Rd4+ 75. Ke5 Rd3 76. Rae2 c4 77. Ra2 c3 78. Rf1+ Kg3 79. Ke4 Rd2 80. Ra3 Bg5 81. Rxc3+ Kh2 82. Rff3 Rg2 83. Kf5 Bd8 84. Rh3+ Kg1 85. Kf4 Rf2+ 86. Ke3 Bg5+ 87. Ke4 Re2+ 88. Kf5 Bd2 89. Rcg3+ Rg2 90. Rf3 Be1 91. Ke4 Ba5 92. Rhg3 Bc7 93. Rh3 Bd6 94. Rh6 Bc5 95. Rhf6 Bf2 96. Kd3 Bc5 97. Rf7 Bf2 98. Ke2 Bg3+ 99. Ke3 Bd6 100. Rf1+ Kh2 101. Rh7+ Kg3 102. Rf3+ Kg4 103. Rg7+ Kh5 104. Rxg2 1-0

[Event "1st FIDE OWCCCC Pools-East 2021"]
[Site "Online"]
[Date "2021.02.20"]
[Round "4.13"]
[White "Berend, Elvira"]
[Black "Kazakouski, Valery"]
[Result "0-1"]
[WhiteElo "2326"]
[BlackElo "2476"]
[Annotator "TA"]
[PlyCount "102"]
[EventDate "2021.02.19"]
[EventType "team-tourn"]
[EventCountry "NET"]
[SourceTitle "playchess.com"]
[Source "ChessBase"]
[SourceQuality "1"]

1. e4 c5 2. Nf3 a6 3. c3 d5 4. exd5 Qxd5 5. d4 Bg4 6. Be2 Nf6 7. O-O e6 8. c4 Qd6 9. d5 exd5 10. cxd5 Qxd5 11. Nfd2 Bxe2 12. Re1 Be7 13. Qxe2 Nc6 14. Nc3 Qd8 15. Nc4 O-O 16. Bf4 Re8 17. Qf3 Bf8 18. Red1 Qe7 19. Bg5 Qe6 20. Ne3 Ne4 21. Nxe4 Qxe4 22. Qxe4 Rxe4 23. Rd7 h6 24. f3 Rd4 25. Rxb7 hxg5 26. Nf5 Rd5 27. g4 g6 28. Ng3 Nd4 29. Kg2 Nc2 30. Rc1 Rd2+ 31. Kh3 Nd4 32. Ne4 Rd3 33. Nxg5 Bh6 34. Rxc5 Bxg5 35. Rxg5 Nxf3 36. Rc5 Re8 37. Rc3 Rxc3 38. bxc3 Re2 39. Kg3 Nxh2 40. Ra7 Rxa2 41. c4 Rc2 42. c5 Nf1+ 43. Kf4 Rxc5 44. Rxa6 Nd2 45. Rd6 Nc4 46. Rd8+ Kg7 47. Rd7 Nb6 48. Rb7 Nd5+ 49. Kg3 Nf6 50. Rb4 Rg5 51. Kf3 Rxg4 0-1

[Event "1st FIDE OWCCCC Pools-East 2021"]
[Site "Online"]
[Date "2021.02.20"]
[Round "4.14"]
[White "Kavaleuski, Stanislau"]
[Black "Sebe-Vodislav, Razvan-Alexandru"]
[Result "0-1"]
[WhiteElo "2242"]
[BlackElo "2270"]
[Annotator "TA"]
[PlyCount "92"]
[EventDate "2021.02.19"]
[EventType "team-tourn"]
[EventCountry "NET"]
[SourceTitle "playchess.com"]
[Source "ChessBase"]
[SourceQuality "1"]

1. c4 Nf6 2. Nc3 e6 3. e4 c5 4. g3 Nc6 5. Bg2 g6 6. Nge2 Bg7 7. a3 O-O 8. Rb1 a5 9. O-O d6 10. h3 e5 11. Kh2 Nh5 12. g4 Nf4 13. d3 Nxg2 14. Kxg2 f5 15. f3 h5 16. gxf5 gxf5 17. exf5 Bxf5 18. Ng3 Nd4 19. Nce4 Qd7 20. Nxf5 Rxf5 21. Be3 Raf8 22. Bxd4 exd4 23. Rf2 Be5 24. Qe2 Kh7 25. Rg1 Bf4 26. Kf1 Be3 27. f4 Bxf2 28. Nxf2 Kh6 29. Qe4 Re8 30. Qg2 Qf7 31. h4 Rxf4 32. Qg5+ Kh7 33. Rg2 Rg8 34. Qxg8+ Qxg8 35. Rxg8 Kxg8 36. Kg2 Rxh4 37. Ne4 Rg4+ 38. Kf2 Rg6 39. Kf3 h4 40. Nf2 Kg7 41. Ng4 h3 42. Nh2 Rg2 43. Nf1 Rxb2 44. Kg3 Rb3 45. Kxh3 Rxd3+ 46. Kg4 Rxa3 0-1

[Event "1st FIDE OWCCCC Pools-East 2021"]
[Site "Online"]
[Date "2021.02.20"]
[Round "4.14"]
[White "Rashoev, Rezo"]
[Black "Lapcevic, Milos"]
[Result "0-1"]
[WhiteElo "1570"]
[BlackElo "2371"]
[Annotator "TA"]
[PlyCount "68"]
[EventDate "2021.02.19"]
[EventType "team-tourn"]
[EventCountry "NET"]
[SourceTitle "playchess.com"]
[Source "ChessBase"]
[SourceQuality "1"]

1. e4 c5 2. Nf3 e6 3. d4 cxd4 4. Nxd4 Nc6 5. c4 Nf6 6. Nc3 Bb4 7. Nxc6 dxc6 8. Qxd8+ Kxd8 9. Bg5 e5 10. O-O-O+ Kc7 11. f3 Be6 12. Kc2 Bc5 13. Be2 h6 14. Bh4 Nh5 15. Bg3 Nxg3 16. hxg3 Bf2 17. g4 Rad8 18. Bd3 a6 19. Rd2 Be3 20. Re2 Ba7 21. Rd1 b5 22. cxb5 axb5 23. a3 Rd7 24. Red2 Rhd8 25. Be2 Bb3+ 26. Kxb3 Rxd2 27. Re1 Bf2 28. Rf1 Bd4 29. Re1 Bxc3 30. Kxc3 Kb6 31. g3 c5 32. f4 f6 33. b3 Ra2 34. a4 b4+ 0-1

[Event "1st FIDE OWCCCC Pools-East 2021"]
[Site "Online"]
[Date "2021.02.20"]
[Round "4.15"]
[White "Vymazal, Bronislav"]
[Black "Mikheil, Mikaeliani"]
[Result "1-0"]
[WhiteElo "2350"]
[BlackElo "1420"]
[Annotator "TA"]
[PlyCount "75"]
[EventDate "2021.02.19"]
[EventType "team-tourn"]
[EventCountry "NET"]
[SourceTitle "playchess.com"]
[Source "ChessBase"]
[SourceQuality "1"]

1. e4 c6 2. Nf3 d5 3. d3 Bg4 4. h3 Bh5 5. Nc3 e6 6. g4 Bg6 7. h4 h5 8. Ne5 Ne7 9. Nxg6 Nxg6 10. gxh5 Nxh4 11. Qg4 Ng6 12. Bg2 Ne5 13. Qg3 Nbd7 14. f4 d4 15. Nb1 Qa5+ 16. Bd2 Qb5 17. b3 Nxd3+ 18. Qxd3 Rxh5 19. Qxb5 Rxb5 20. Bf1 Rc5 21. Bd3 a5 22. Bc1 b5 23. a4 b4 24. Bb2 e5 25. Nd2 f6 26. Nf3 O-O-O 27. f5 Be7 28. Ke2 Rg8 29. Rag1 Nf8 30. Bc4 Rxc4 31. bxc4 g5 32. fxg6 Nxg6 33. Bc1 Nf4+ 34. Bxf4 Rxg1 35. Rxg1 exf4 36. Rg7 Kd7 37. Nxd4 Kd6 38. Nf5+ 1-0

[Event "1st FIDE OWCCCC Pools-East 2021"]
[Site "Online"]
[Date "2021.02.20"]
[Round "4.15"]
[White "Stanic, Zoran"]
[Black "Minald, Andrey"]
[Result "1-0"]
[WhiteElo "2131"]
[BlackElo "2091"]
[Annotator "TA"]
[PlyCount "67"]
[EventDate "2021.02.19"]
[EventType "team-tourn"]
[EventCountry "NET"]
[SourceTitle "playchess.com"]
[Source "ChessBase"]
[SourceQuality "1"]

1. d4 d5 2. Nc3 c6 3. Bf4 Nf6 4. e3 Bg4 5. f3 Bh5 6. g4 Bg6 7. h4 h6 8. Bd3 Bxd3 9. Qxd3 e6 10. Nge2 Bd6 11. O-O-O Qc7 12. g5 Nh5 13. Bxd6 Qxd6 14. e4 Nf4 15. Qe3 Nxe2+ 16. Nxe2 Nd7 17. g6 O-O 18. e5 Qe7 19. gxf7+ Rxf7 20. Rdg1 Raf8 21. Rg3 c5 22. dxc5 Qxc5 23. Qxh6 Rc8 24. c3 Nxe5 25. Rhg1 Rcc7 26. Nd4 Qb6 27. Kb1 Nc4 28. b3 e5 29. Ne6 Na3+ 30. Kb2 Nc4+ 31. Ka1 Qf2 32. Rxg7+ Rxg7 33. Rxg7+ Rxg7 34. Qxg7# 1-0

[Event "1st FIDE OWCCCC Pools-East 2021"]
[Site "Online"]
[Date "2021.02.20"]
[Round "4.16"]
[White "Diasamidze, Mariam"]
[Black "Herndlbauer, Martin"]
[Result "0-1"]
[WhiteElo "2016"]
[BlackElo "2044"]
[Annotator "NA"]
[PlyCount "90"]
[EventDate "2021.02.19"]
[EventType "team-tourn"]
[EventCountry "NET"]
[SourceTitle "playchess.com"]
[Source "ChessBase"]
[SourceQuality "1"]

1. d4 d5 2. Nf3 Nf6 3. g3 c6 4. Bg2 Bg4 5. O-O Nbd7 6. Ne5 Bh5 7. h3 Bg6 8. f4 Be4 9. Nc3 Bxg2 10. Kxg2 e6 11. Qd3 Bb4 12. Nd1 Ne4 13. a3 Ba5 14. b4 Bc7 15. Nc3 Ndf6 16. a4 O-O 17. e3 Rc8 18. a5 Nxc3 19. Qxc3 Ne4 20. Qd3 Bd6 21. Ba3 Qe7 22. c3 Qc7 23. Ng4 Be7 24. Nf2 f5 25. Nxe4 fxe4 26. Qe2 Rf7 27. Rh1 Rcf8 28. Raf1 Bd6 29. Kf2 e5 30. Ke1 exd4 31. cxd4 Qe7 32. Qb2 b6 33. a6 c5 34. b5 cxd4 35. Bxd6 Qxd6 36. Qxd4 Rc7 37. Rh2 Rfc8 38. Kf2 Rc4 39. Qe5 Qxe5 40. fxe5 Re8 41. g4 Rxe5 42. Kg3 Rc3 43. Rhf2 Re8 44. Kg2 Rxe3 45. Rd1 Rd3 0-1

[Event "1st FIDE OWCCCC Pools-East 2021"]
[Site "Online"]
[Date "2021.02.20"]
[Round "4.16"]
[White "Rouda, Hanna"]
[Black "Meyer, Henri"]
[Result "0-1"]
[WhiteElo "1436"]
[BlackElo "2043"]
[Annotator "ChessBase"]
[PlyCount "176"]
[EventDate "2021.02.19"]
[EventType "team-tourn"]
[EventCountry "NET"]
[SourceTitle "playchess.com"]
[Source "ChessBase"]
[SourceQuality "1"]

1. Nf3 d6 2. d4 Bg4 3. e3 Nd7 4. h3 Bh5 5. c4 c6 6. Nc3 a5 7. d5 e5 8. Be2 Ngf6 9. e4 Be7 10. O-O O-O 11. Bg5 Re8 12. Re1 Qc7 13. a3 Nc5 14. Qc2 cxd5 15. cxd5 Ncxe4 16. Bxf6 Nxf6 17. Rac1 Rec8 18. Qd2 Qb6 19. Na4 Qa7 20. Nc3 Qb6 21. Ng5 Bg6 22. Bf3 h6 23. Nge4 Nxe4 24. Nxe4 Bxe4 25. Bxe4 Bg5 26. Rxc8+ Rxc8 27. Qe2 Rc7 28. Kh2 Qd4 29. g3 Qc4 30. Bg2 Qxe2 31. Rxe2 f5 32. h4 Bf6 33. f3 f4 34. Kh3 fxg3 35. Kxg3 Rc4 36. h5 Kf7 37. Bh3 Bg5 38. Be6+ Ke7 39. Bg4 Kd8 40. Kg2 Kc7 41. Kg3 b5 42. Kg2 Kb6 43. Kg3 Kc5 44. Be6 Bh4+ 45. Kg2 Bg5 46. Kf2 Kd4 47. Re4+ Kd3 48. Re2 Rc1 49. Bd7 Kc4 50. Re4+ Kc5 51. Kg3 b4 52. axb4+ axb4 53. Re2 Rg1+ 54. Kf2 Rc1 55. Kg2 b3 56. Kf2 Rc2 57. Kf1 Kxd5 58. Ba4 Rc1+ 59. Kg2 Kd4 60. Bxb3 d5 61. Kf2 Rh1 62. Ba4 Rxh5 63. b4 Rh2+ 64. Kf1 Rxe2 65. Kxe2 Bd8 66. b5 Bb6 67. Bc2 e4 68. fxe4 dxe4 69. Bb1 Ke5 70. Bc2 Kf4 71. Bb1 h5 72. Bc2 h4 73. Kf1 h3 74. Bb1 Kf3 75. Bc2 h2 76. Bxe4+ Kxe4 77. Kg2 Kd5 78. Kxh2 Kc4 79. Kg3 Kxb5 80. Kg4 Kc4 81. Kg5 Kd5 82. Kg6 Bd4 83. Kg5 Ke4 84. Kg6 Kf4 85. Kh5 g5 86. Kg6 g4 87. Kh6 g3 88. Kg6 g2 0-1

[Event "1st FIDE OWCCCC Pools-East 2021"]
[Site "Online"]
[Date "2021.02.20"]
[Round "4.17"]
[White "Erenburg, Sergey"]
[Black "Artemiev, Vladislav"]
[Result "0-1"]
[WhiteElo "2559"]
[BlackElo "2709"]
[Annotator "TA"]
[PlyCount "62"]
[EventDate "2021.02.19"]
[EventType "team-tourn"]
[EventCountry "NET"]
[SourceTitle "playchess.com"]
[Source "ChessBase"]
[SourceQuality "1"]

1. e4 e5 2. Nf3 Nc6 3. Bb5 g6 4. c3 a6 5. Ba4 d6 6. d4 Bd7 7. Bg5 f6 8. Be3 Bh6 9. Bxh6 Nxh6 10. Bb3 Kf8 11. O-O Kg7 12. Nbd2 Rf8 13. Re1 Nf7 14. Nc4 Ng5 15. Nxg5 fxg5 16. dxe5 b5 17. Ne3 Nxe5 18. a4 g4 19. Qd4 h5 20. Rf1 Kh7 21. axb5 Bxb5 22. Rfd1 Qg5 23. Ba4 Be2 24. Re1 Bf3 25. Nc4 Bxg2 26. Nxe5 dxe5 27. Qd7+ Kh6 28. Kxg2 Rad8 29. Qc6 Rxf2+ 30. Kxf2 Qf4+ 31. Kg1 Rd2 0-1

[Event "1st FIDE OWCCCC Pools-East 2021"]
[Site "Online"]
[Date "2021.02.20"]
[Round "4.17"]
[White "Nguyen, Piotr"]
[Black "Mosin, Dmitry K."]
[Result "1-0"]
[WhiteElo "2411"]
[BlackElo "1776"]
[Annotator "TA"]
[PlyCount "69"]
[EventDate "2021.02.19"]
[EventType "team-tourn"]
[EventCountry "NET"]
[SourceTitle "playchess.com"]
[Source "ChessBase"]
[SourceQuality "1"]

1. c4 c5 2. g3 Nc6 3. Bg2 d6 4. Nc3 e6 5. e3 Nf6 6. Nge2 Bd7 7. O-O Be7 8. d4 cxd4 9. exd4 O-O 10. d5 Ne5 11. b3 exd5 12. Nxd5 Nxd5 13. Bxd5 Bc6 14. f4 Nd7 15. Bb2 Nf6 16. Nc3 Qb6+ 17. Kg2 Bxd5+ 18. Nxd5 Nxd5 19. Qxd5 Qc6 20. Rad1 Rfe8 21. Rf2 Rac8 22. h4 Kf8 23. f5 Qxd5+ 24. Rxd5 Rc5 25. Rd3 f6 26. g4 h6 27. Kf3 a6 28. Rfd2 b5 29. Ba3 bxc4 30. Bxc5 cxd3 31. Ba3 Rc8 32. Ke3 Rc5 33. Bxc5 dxc5 34. Kxd3 Ke8 35. Kc4 1-0

[Event "1st FIDE OWCCCC Pools-East 2021"]
[Site "Online"]
[Date "2021.02.20"]
[Round "4.17"]
[White "Niyazgulova, Marina"]
[Black "Chernikova, Iryna"]
[Result "1-0"]
[WhiteElo "2227"]
[BlackElo "1509"]
[Annotator "TA"]
[PlyCount "75"]
[EventDate "2021.02.19"]
[EventType "team-tourn"]
[EventCountry "NET"]
[SourceTitle "playchess.com"]
[Source "ChessBase"]
[SourceQuality "1"]

1. d4 c6 2. Nf3 d5 3. c4 e6 4. Nc3 Nf6 5. cxd5 Nxd5 6. e4 Nxc3 7. bxc3 Nd7 8. Be2 c5 9. O-O Be7 10. Be3 O-O 11. a4 b6 12. Qc2 h6 13. Rfd1 Qc7 14. d5 exd5 15. exd5 Bd6 16. h3 Nf6 17. c4 Re8 18. Bd3 Bf4 19. Bd2 Bxd2 20. Nxd2 Qd6 21. Re1 Bd7 22. Ne4 Nxe4 23. Bxe4 Re7 24. Re3 Rae8 25. Rae1 Kh8 26. Bf5 Bxf5 27. Qxf5 g6 28. Qd3 Rxe3 29. Rxe3 Rxe3 30. Qxe3 Kg7 31. g3 h5 32. Kg2 f6 33. Qe8 Kh6 34. Qh8+ Kg5 35. f4+ Kf5 36. Qc8+ Ke4 37. Qe6+ Qxe6 38. dxe6 1-0

[Event "1st FIDE OWCCCC Pools-East 2021"]
[Site "Online"]
[Date "2021.02.20"]
[Round "4.18"]
[White "Touzane, Olivier"]
[Black "Chernoshchek, Andrey"]
[Result "1-0"]
[WhiteElo "2276"]
[BlackElo "1898"]
[Annotator "NA RC"]
[PlyCount "45"]
[EventDate "2021.02.19"]
[EventType "team-tourn"]
[EventCountry "NET"]
[SourceTitle "playchess.com"]
[Source "ChessBase"]
[SourceQuality "1"]

1. d4 c5 2. d5 e6 3. c4 exd5 4. cxd5 d6 5. Nc3 Nf6 6. e4 g6 7. f4 Bg7 8. Bb5+ Bd7 9. e5 Nh5 10. Nf3 Bxb5 11. Nxb5 Qa5+ 12. Nc3 Bh6 13. g3 O-O 14. O-O Nd7 15. f5 Bxc1 16. Qxc1 dxe5 17. Qh6 Qb6 18. Ng5 c4+ 19. Kh1 Nhf6 20. Nce4 Rfe8 21. fxg6 hxg6 22. Rxf6 Nxf6 23. Rf1 1-0